000 00566nam a22002057a 4500
005 20250812160856.0
082 _a581.1
_bARD
100 _aARDITTI, Joseph
245 0 _aExperimental plant physiology: experiments in cellular and plant physiology
260 _aNew York
_bHolt Reinhart
_c1969
650 _aAnthocyanin pigment
650 _aCellular physiology
650 _aEnzymatic biosynthesis
650 _aIon transport
650 _aPhotosynthesis
650 _aPlant hormone
650 _aPlant physiology
700 _aDUNN, Arnold
942 _cBK
999 _c23409
_d23409